Gender history of india / (Record no. 139983)

MARC details
000 -LEADER
fixed length control field 00566nam a22001817a 4500
005 - DATE AND TIME OF LATEST TRANSACTION
control field 20170517103640.0
010 ## - LCCN (DPL NO)
LC control number ENG-118183
020 ## - INTERNATIONAL STANDARD BOOK NUMBER
International Standard Book Number 9789384275266
Terms of availability 995.00
035 ## - SYSTEM CONTROL NUMBER
System control number EN-101715
037 ## - SOURCE OF ACQUISITION
Source of stock number/acquisition DBAD/PUB
082 ## - DEWEY DECIMAL CLASSIFICATION NUMBER
Classification number 305.309545
100 ## - MAIN ENTRY--PERSONAL NAME
Personal name Meena, Santosh
245 ## - TITLE STATEMENT
Title Gender history of india /
Remainder of title Special reference on north east /
Statement of responsibility, etc by Santosh Meena
260 ## - PUBLICATION, DISTRIBUTION, ETC. (IMPRINT)
Place of publication, distribution, etc India
Name of publisher, distributor, etc NE BOOKS AND PUBLISHERS
Date of publication, distribution, etc 2017
270 ## - ADDRESS
Address National Highway Silchar- 788005 Assam, India
300 ## - PHYSICAL DESCRIPTION
Extent 194p.
Dimensions 20cm. (Hb)
942 ## - ADDED ENTRY ELEMENTS (KOHA)
Source of classification or shelving scheme Dewey Decimal Classification
Item type English Books
Classification part 305.309545
Call number suffix MEE
Holdings
Withdrawn status Lost status Not for loan Collection code Home library Current library Date acquired Source of acquisition Cost, normal purchase price Full call number Barcode Copy number Cost, replacement price Koha item type
    Not For Loan Non-fiction D.B.Act.Division Bawana 17/05/2017 DBAD/PUB 995.00 305.309545 MEE EN-101715 1 995.00 English Books

© Delhi Public Library
Hit Counter
free hit counter